000 00262nam a2200109Ia 4500
008 190912s9999||||xx |||||||||||||| ||und||
100 _aJaved A. Ansari
245 0 _aMoney and Banking in Pakistan
260 _aUK
_bEducation
_c2001
300 _a200
942 _cBK
999 _c7674
_d7674